000 00562nam a2200205Ia 4500
008 200601s9999 xx 000 0 und d
020 _a0-380-01235-9
050 _aREF JA 36
050 _b.G74 1981 v.2
245 4 _aThe Great political theories :
245 0 _bfrom Burke, Rousseau and Kant to modern times /
245 0 _cedited, with introduction by Michael Curtis.
260 _aNew York :
260 _bAvon Books.
260 _c1981
300 _a492 pages :
300 _c19 cm.
500 _aIncludes index.
650 _aPolitical science.
999 _c363368
_d363368